000
00286 a2200121 4500
020
_a
0852974418
090
_c
179
_d
179
100
_a
Brain Coyle
245
_a
Money markets
260
_a
Canterbury
_b
Finanical world publishing
_c
2001
300
_a
153 P
942
_a
NBS
_c
BK
_k
658.15 COY
999
_c
342753
_d
342753